Top 50 Footballers Currently - Statistics

General Stats
  • This quiz has been taken 98 times
    97 since last reset
  • The average score is 33 of 50
Answer Stats
Hint Answer % Correct
#20 LW Vinícius Júnior
97%
#3 RW Mohamed Salah
96%
#2 ST Kylian Mbappe
94%
#19 ST Erling Haaland
91%
#8 CM Jude Bellingham
91%
#16 ST Harry Kane
87%
#4 RW Lamine Yamal
86%
#14 CB Virgil Van Dijk
86%
#23 ST Robert Lewandowski
83%
#22 GK Gianluigi Donnarumma
82%
#28 CM Martin Ødegaard
82%
#9 CM Pedri
82%
#15 ST Lautaro Martínez
81%
#30 RB Achraf Hakimi
79%
#10 CAM Florian Wirtz
79%
#5 RW Ousmane Dembélé
79%
#18 ST Alexander Isak
78%
#29 GK Emiliano Martínez
78%
#7 CM Federico Valverde
78%
#46 RW Lionel Messi
78%
#13 RW Rodrygo
77%
#25 RB Trent Alexander Arnold
77%
#11 CAM Jamal Musiala
76%
#38 RW Christian Pulisic
74%
#48 CDM Declan Rice
72%
#47 ST Cristiano Ronaldo
71%
#41 RW Bukayo Saka
67%
#6 GK Alisson Becker
67%
#24 LB Josko Gvardiol
67%
#1 LW Raphinha
65%
#21 CB William Saliba
65%
#12 ST Julian Alvarez
64%
#17 CAM Cole Palmer
58%
#27 CB Antonio Rüdiger
56%
#49 CB Rúben Dias
55%
#31 LW Rafael Leão
54%
#43 LB Alejandro Balde
53%
#37 RB Jules Koundé
51%
#36 CB Pau Cubarsí
50%
#44 ST Ollie Watkins
49%
#33 CM Joshua Kimmich
47%
#45 LW Nico Williams
47%
#34 ST Kai Havertz
45%
#50 CB Marquinhos
44%
#26 LB Alex Grimaldo
38%
#32 CM Xavi Simons
29%
#35 RW Michael Olise
28%
#39 LB Antonee Robinson
24%
#42 CB Raul Asencio
22%
#40 LB Riccardo Calafiori
22%
No matching quizzes found
Score Distribution
Percent of People with Each Score
Percentile by Number Answered
Your Score History
You have not taken this quiz since the last reset